ბათუმის შოთა რუსთაველის სახელმწიფო უნივერსიტეტის ბიბლიოთეკა

ჩანაწერი Personal Name

ჩანაწერთა რაოდენობა, რომელიც გამოყენებულია: 1

001 - CONTROL NUMBER

  • control field: 12357

003 - CONTROL NUMBER IDENTIFIER

  • control field: GE_BSU

005 - DATE AND TIME OF LATEST TRANSACTION

  • control field: 20210731235133.0

008 - FIXED-LENGTH DATA ELEMENTS

  • fixed length control field: 210731|| aca||aabn | a|a d

040 ## - CATALOGING SOURCE

  • Original cataloging agency: GE_BSU
  • Transcribing agency: GE_BSU

100 ## - HEADING--PERSONAL NAME

  • Personal name: Mueller, John
  • Dates associated with a name: 1958-

670 ## - SOURCE DATA FOUND

  • Source citation: Work cat.: (GE_BSU)0: Mueller, John 1958-, Windows command line administration instant reference /, 2010.